<?xml version="1.0" encoding="UTF-8"?>
<collection xmlns="http://www.loc.gov/MARC21/slim">
 <record>
  <leader>01099pamaa2200241   4500</leader>
  <controlfield tag="001">0000052870</controlfield>
  <controlfield tag="005">20140819090000.0</controlfield>
  <controlfield tag="008">140819s2013                             eng  </controlfield>
  <datafield tag="020" ind1="0" ind2="0">
   <subfield code="a">9781597499804 (electronic bk) </subfield>
  </datafield>
  <datafield tag="090" ind1="0" ind2="0">
   <subfield code="a">QA76.774.M434 </subfield>
   <subfield code="b">SHI 2013eb</subfield>
  </datafield>
  <datafield tag="100" ind1="1" ind2="0">
   <subfield code="a">Shinder </subfield>
  </datafield>
  <datafield tag="245" ind1="1" ind2="0">
   <subfield code="a">Windows server 2012 security from end to edge and beyond [</subfield>
   <subfield code="m">electronic resource] : </subfield>
   <subfield code="b">architecting, designing, planning, and deploying Windows server 2012 security solutions  </subfield>
   <subfield code="c">Thomas W Shinder, Yuri Diogenes, Debra Littlejohn Shinder  ; Richarrd Hicks, technical editor.</subfield>
  </datafield>
  <datafield tag="260" ind1="0" ind2="0">
   <subfield code="a">Amsterdam ; Boston: </subfield>
   <subfield code="b">Elsevier/Morgan Kaufmann, </subfield>
   <subfield code="c">2013.</subfield>
  </datafield>
  <datafield tag="300" ind1=" " ind2=" ">
   <subfield code="a">1 online resource (xxii, 520 p): </subfield>
   <subfield code="b">ill..</subfield>
  </datafield>
  <datafield tag="501" ind1="0" ind2="0">
   <subfield code="a">FOSTEM</subfield>
  </datafield>
  <datafield tag="504" ind1="0" ind2="0">
   <subfield code="a">Includes bibliographical references and index</subfield>
  </datafield>
  <datafield tag="650" ind1="0" ind2="0">
   <subfield code="a">Operating systems (Computers) </subfield>
  </datafield>
  <datafield tag="650" ind1="0" ind2="0">
   <subfield code="a">Computer security </subfield>
  </datafield>
  <datafield tag="650" ind1="0" ind2="0">
   <subfield code="a">Microsoft Windows server </subfield>
  </datafield>
  <datafield tag="700" ind1="1" ind2="1">
   <subfield code="a">SHINDER, </subfield>
   <subfield code="h">Debra Littlejohn </subfield>
  </datafield>
  <datafield tag="700" ind1="1" ind2="1">
   <subfield code="a">Diogenes, </subfield>
   <subfield code="h">Yuri </subfield>
  </datafield>
  <datafield tag="856" ind1="4" ind2="0">
   <subfield code="u">http://www.sciencedirect.com/science/book/9781597499804</subfield>
  </datafield>
  <datafield tag="901" ind1=" " ind2=" ">
   <subfield code="u">http://www.sciencedirect.com/science/book/9781597499804</subfield>
  </datafield>
 </record>
</collection>
